000 01192nam a2200313Ia 4500
001 ebr10288119
003 CaPaEBR
006 m u
007 cr cn|||||||||
008 090828s2008 dcu s 000 0 eng d
020 _z9789289042932
020 _z9789289042963
040 _aCaPaEBR
_cCaPaEBR
035 _a(OCoLC)732955734
050 1 4 _aR855.5.E85
_bG37 2008eb
100 1 _aGarrido, M. V.
245 1 0 _aHealth technology assessment and health policy-making in Europe
_h[electronic resource] :
_bcurrent status, challenges and potential.
260 _aGeneva :
_bWorld Health Organization,
_c2008.
300 _axiv, 181 p.
533 _aElectronic reproduction.
_bPalo Alto, Calif. :
_cebrary,
_d2009.
_nAvailable via World Wide Web.
_nAccess may be limited to ebrary affiliated libraries.
650 0 _aMedical technology
_zEurope.
650 0 _aTechnology assessment
_zEurope.
655 7 _aElectronic books.
_2local
700 1 _aKristensen, F. B.
700 1 _aNielsen, C. P.
700 1 _aBusse, R.
710 2 _aebrary, Inc.
856 4 0 _uhttp://site.ebrary.com/lib/rucke/Doc?id=10288119
_zAn electronic book accessible through the World Wide Web; click to view
999 _c909
_d909